[Event "Campillos op 10th"]
[Site "Campillos"]
[Date "2007.02.27"]
[Round "5.20"]
[White "Herrera Mellado, Luis A"]
[Black "Tamajon Castilla, Francisco Javier"]
[Result "1-0"]
[WhiteElo "2140"]
[BlackElo "1960"]
[PlyCount "79"]
[EventDate "2007.02.24"]
[EventType "swiss"]
[EventRounds "9"]
[EventCountry "ESP"]
[SourceTitle "CBM 117 Extra"]
[Source "ChessBase"]
[SourceDate "2007.05.09"]
[SourceVersion "1"]
[SourceVersionDate "2007.05.09"]
[SourceQuality "1"]

1. e4 e5 2. Nf3 Nf6 3. Nxe5 d6 4. Nf3 Nxe4 5. Nc3 Nxc3 6. dxc3 Be7 7. Be3 0-0 8. Qd2 Nd7 9. 0-0-0 Nc5 10. Kb1 a5 11. Nd4 Bd7 12. f3 Bf6 13. g4 b5 14. g5 Bxd4 15. cxd4 Nb7 16. h4 d5 17. Bf4 Nd6 18. Bxd6 cxd6 19. Bd3 b4 20. h5 f5 21. Qf4 Qb6 22. Rhe1 Rae8 23. Rxe8 Rxe8 24. Kc1 a4 25. Bxf5 b3 26. axb3 Bxf5 27. Qxf5 axb3 28. Qxd5+ Kh8 29. Qxb3 Qa5 30. f4 Qa1+ 31. Kd2 Qa5+ 32. Qc3 Qf5 33. Rf1 Qe4 34. Qd3 Qg2+ 35. Kc1 Qa8 36. Kb1 Qa5 37. Qc3 Qf5 38. h6 Rc8 39. hxg7+ Kxg7 40. Qd3 1-0